| 000 | 00889nam a2200217 a 4500 | ||
|---|---|---|---|
| 001 | 000042870 | ||
| 005 | 20201002040447.0 | ||
| 008 | 150820s1982 dr a 000 0 spa d | ||
| 040 |
_aDO-SdBNP _bspa _cBNPHU |
||
| 082 |
_axxx _bxxxx |
||
| 100 | 1 |
_aCastillo Corporán, Francisco Mauro _d1934- _970283 |
|
| 245 | 1 | 4 |
_aLas verdaderas causas de los divorcios en Santo Domingo / _cFrancisco Mauro Castillo Corporán. |
| 260 |
_aSanto Domingo : _bUniversidad Autónoma de Santo Domingo, _c1982. |
||
| 300 |
_a85 p. : _bil. ; _c15 cm. |
||
| 490 | 1 |
_aPublicaciones de la Universidad Autónoma de Santo Domingo _v315 |
|
| 490 | 1 |
_aEducación y sociedad _v20 |
|
| 500 | _aIncluye datos biografícos del autor en la contraportada. | ||
| 590 | _aInventariado, 2018/ YL | ||
| 830 | 0 |
_aPublicaciones de la Universidad Autónoma de Santo Domingo _n315 _970284 |
|
| 830 | 0 |
_aEducación y sociedad _n20 _970285 |
|
| 999 |
_c42359 _d42359 |
||